000 00328nab a22001097u 4500
008 130520b1988 xxu||||| |||| 00| 0 spa d
041 _aspa
100 1 _aMendonca, A.
_967432
245 0 0 _aPoder propio y "poder vicario" de la Iglesia
_cA. Mendonca
773 0 _tConcilium
_gV.1,1988,págs.403-416
_x0210-1041
_wRev134
942 _cAR
999 _c355376
_d355376